Coca-Cola-Sorten - Statistiken

Allgemein
  • Dieses Quiz wurde 169 mal gespielt
  • Das Durchschnittsergebnis liegt bei 5 aus 11
Antwortstatistiken
Markteinführung Sorte % Korrekt
2006 Coca-Cola zero sugar
96%
1983 Coca-Cola light
92%
1986 Coca-Cola Cherry
89%
2003 Coca-Cola Vanilla
85%
1929 Coca-Cola Original Taste
82%
2003 Coca-Cola light Lemon
46%
1990 Coca-Cola light koffeinfrei
14%
2019 Coca-Cola zero sugar Cherry
14%
2022 Coca-Cola zero sugar Lemon
9%
2019 Coca-Cola zero sugar Vanilla
9%
2013 Coca-Cola zero sugar zero koffein
9%
Keine übereinstimmenden Quizze gefunden
Verteilung der Resultate
Anzahl Personen mit jedem Resultat
Perzentil nach korrekt beantworteten Fragen
Ihre Resultats-Entwicklung
Sie haben dieses Quiz noch nicht gespielt